| 000 | 00385nam a2200157Ia 4500 | ||
|---|---|---|---|
| 008 | 210210b1924 xxu||||| |||| 00| 0 eng d | ||
| 041 | _aeng | ||
| 082 | _a825/643 | ||
| 100 | _aPATER (Waltera) | ||
| 245 | _aMiscellaneous studies | ||
| 260 |
_aLondon _bMacmillan & Co. Ltd. _c1924 |
||
| 650 | _astudies | ||
| 650 | _aMiscellaneous | ||
| 690 | _aEnglish Criticism | ||
| 906 | _a014959 | ||
| 999 |
_c134189 _d134189 |
||